[Event "Regionalliga SW 1213"]
[Site "Bayern"]
[Date "2013.02.24"]
[Round "7.2"]
[White "Pittelkow, Erhard"]
[Black "Schulz, Michael2222"]
[Result "1/2-1/2"]
[WhiteElo "1999"]
[BlackElo "2066"]
[PlyCount "26"]
[EventDate "2012.10.14"]
[EventType "team-tourn"]
[EventRounds "9"]
[EventCountry "GER"]
[SourceTitle "EXT 2015"]
[Source "ChessBase"]
[SourceDate "2014.11.20"]
[SourceVersion "1"]
[SourceVersionDate "2014.11.20"]
[SourceQuality "1"]
[WhiteTeam "Muenchen RTA"]
[BlackTeam "Bayern Muenchen III"]
[WhiteTeamCountry "GER"]
[BlackTeamCountry "GER"]

1. c4 c5 2. Nc3 g6 3. g3 Bg7 4. Bg2 Nc6 5. e3 e6 6. Nge2 Nge7 7. 0-0 0-0 8. d4 cxd4 9. Nxd4 Nxd4 10. exd4 d5 11. cxd5 Nxd5 12. Nxd5 exd5 13. Qb3 Be6 1/2-1/2

[Event "Regionalliga SW 1112"]
[Site "Bayern"]
[Date "2012.03.18"]
[Round "8.2"]
[White "Gallmeier, Eike"]
[Black "Pittelkow, Erhard"]
[Result "1/2-1/2"]
[WhiteElo "1888"]
[BlackElo "2019"]
[PlyCount "50"]
[EventDate "2011.10.02"]
[EventType "team-tourn"]
[EventRounds "9"]
[EventCountry "GER"]
[SourceTitle "EXT 2015"]
[Source "ChessBase"]
[SourceDate "2014.11.20"]
[SourceVersion "1"]
[SourceVersionDate "2014.11.20"]
[SourceQuality "1"]
[WhiteTeam "Kaufbeuren"]
[BlackTeam "Muenchen RTA"]
[WhiteTeamCountry "GER"]
[BlackTeamCountry "GER"]

1. e4 c6 2. d3 d5 3. Nd2 g6 4. Ngf3 Bg7 5. g3 Bg4 6. Bg2 Nd7 7. h3 Bxf3 8. Qxf3 e6 9. 0-0 Ne7 10. Qe2 0-0 11. Rb1 Qb6 12. Kh2 Qa6 13. a3 dxe4 14. Nxe4 Nf5 15. c3 Nf6 16. Qc2 Nxe4 17. dxe4 Ne7 18. Be3 b6 19. Rbd1 Rad8 20. Rxd8 Rxd8 21. Rd1 Qc8 22. f4 Rd7 23. Rxd7 Qxd7 24. Qd2 Qxd2 25. Bxd2 Kf8 1/2-1/2

[Event "Regionalliga SW 1112"]
[Site "Bayern"]
[Date "2011.10.23"]
[Round "2.2"]
[White "Pittelkow, Erhard"]
[Black "Amelang, Thomas"]
[Result "1-0"]
[WhiteElo "2019"]
[BlackElo "2050"]
[PlyCount "175"]
[EventDate "2011.10.02"]
[EventType "team-tourn"]
[EventRounds "9"]
[EventCountry "GER"]
[SourceTitle "EXT 2013"]
[Source "ChessBase"]
[SourceDate "2012.11.22"]
[SourceVersion "1"]
[SourceVersionDate "2012.11.22"]
[SourceQuality "1"]
[WhiteTeam "Muenchen RTA"]
[BlackTeam "Muenchen Siemens"]
[WhiteTeamCountry "GER"]
[BlackTeamCountry "GER"]

1. c4 Nf6 2. d4 g6 3. Nc3 Bg7 4. e4 d6 5. f3 Nbd7 6. Be3 c5 7. Nge2 cxd4 8. Nxd4 Nc5 9. Be2 Bd7 10. 0-0 a5 11. b3 0-0 12. Qd2 Qb6 13. Rab1 Qc7 14. a3 Rfd8 15. Rfc1 e5 16. Ndb5 Bxb5 17. Nxb5 Qe7 18. b4 axb4 19. axb4 Na6 20. Bb6 Rd7 21. Rd1 Bf8 22. Ra1 Re8 23. Ra3 d5 24. cxd5 Qxb4 25. Qxb4 Bxb4 26. Raa1 Bc5+ 27. Bxc5 Nxc5 28. Ra3 Rb8 29. Kf2 Ne8 30. Ke3 f5 31. Bd3 Nxd3 32. Rdxd3 Kf7 33. g4 fxg4 34. fxg4 g5 35. Rd1 Rc8 36. Kd3 Nf6 37. Rf1 Kg6 38. Na7 Rc5 39. h3 h5 40. Rb3 hxg4 41. Rb6 Rf7 42. hxg4 Ra5 43. Nb5 Ra4 44. Nd6 Nxd5 45. Nxf7+ Nxb6 46. Nxe5+ Kg7 47. Rf7+ Kg8 48. Rxb7 Ra3+ 49. Ke2 Na4 50. Nd3 Ra2+ 51. Ke3 Rg2 52. Ra7 Nc3 53. Ra8+ Kg7 54. Ne5 Re2+ 55. Kd3 Rxe4 56. Ra7+ Kh8 57. Nf7+ Kg8 58. Kxc3 Rf4 59. Nh6+ Kh8 60. Nf7+ Kg8 61. Ne5 Re4 62. Re7 Ra4 63. Kd3 Kf8 64. Ng6+ Kg8 65. Re4 Ra3+ 66. Kd4 Kg7 67. Ne7 Rf3 68. Ke5 Kf7 69. Nf5 Ra3 70. Ne3 Kg6 71. Nc4 Ra8 72. Kd5 Rd8+ 73. Nd6 Ra8 74. Re6+ Kg7 75. Nf5+ Kf7 76. Re7+ Kf6 77. Re6+ Kf7 78. Nd6+ Kg7 79. Ke4 Ra5 80. Re5 Ra6 81. Rxg5+ Kh6 82. Rd5 Ra4+ 83. Kf5 Ra1 84. Kf6 Kh7 85. g5 Ra8 86. Rc5 Ra6 87. Rc7+ Kg8 88. Rd7 1-0

[Event "Regionalliga SW 0405"]
[Site "Bayern"]
[Date "2005.01.16"]
[Round "5.3"]
[White "Pittelkow, Erhard"]
[Black "Schreiner, Richard"]
[Result "0-1"]
[WhiteElo "2050"]
[BlackElo "2174"]
[PlyCount "80"]
[EventDate "2004.10.24"]
[EventType "team-tourn"]
[EventRounds "9"]
[EventCountry "GER"]
[SourceTitle "EXT 2007"]
[Source "ChessBase"]
[SourceDate "2006.11.23"]
[SourceVersion "1"]
[SourceVersionDate "2006.11.23"]
[SourceQuality "1"]
[WhiteTeam "Muenchen RTA"]
[BlackTeam "Garching"]
[WhiteTeamCountry "GER"]
[BlackTeamCountry "GER"]

1. e4 c5 2. Nf3 Nc6 3. g3 g6 4. Bg2 Bg7 5. 0-0 d6 6. c3 e5 7. Re1 Nh6 8. d4 0-0 9. h3 f6 10. Na3 cxd4 11. cxd4 Nf7 12. Nc4 f5 13. exf5 gxf5 14. dxe5 dxe5 15. Qxd8 Rxd8 16. Ng5 e4 17. Nxf7 Kxf7 18. Bg5 Rd4 19. Rac1 Be6 20. Bf1 b5 21. Nb6 axb6 22. Rxc6 Rxa2 23. Rxb6 Bd7 24. b3 Rd5 25. Be3 Rb2 26. Rc1 Be5 27. Bg2 Rxb3 28. g4 Rbd3 29. gxf5 Rd1+ 30. Rxd1 Rxd1+ 31. Bf1 Rd5 32. Kg2 Bf6 33. Rb7 Be7 34. Be2 Kf6 35. Rb6+ Rd6 36. Bd4+ Kg5 37. Be3+ Kf6 38. Bd4+ Kg5 39. Be3+ Kh4 40. Bg5+ Kxg5 0-1

[Event "Regionalliga SW 0405"]
[Site "Bayern"]
[Date "2004.10.24"]
[Round "1.2"]
[White "Schulz, Michael2222"]
[Black "Pittelkow, Erhard"]
[Result "1/2-1/2"]
[WhiteElo "2096"]
[BlackElo "2050"]
[PlyCount "148"]
[EventDate "2004.10.24"]
[EventType "team-tourn"]
[EventRounds "9"]
[EventCountry "GER"]
[SourceTitle "EXT 2007"]
[Source "ChessBase"]
[SourceDate "2006.11.23"]
[SourceVersion "1"]
[SourceVersionDate "2006.11.23"]
[SourceQuality "1"]
[WhiteTeam "Muenchen Tarrasch II"]
[BlackTeam "Muenchen RTA"]
[WhiteTeamCountry "GER"]
[BlackTeamCountry "GER"]

1. Nf3 c5 2. c4 g6 3. d4 cxd4 4. Nxd4 Bg7 5. e4 Qb6 6. Nb3 Nc6 7. Be2 d6 8. 0-0 Nf6 9. Nc3 0-0 10. Be3 Qd8 11. Rc1 b6 12. f3 Bb7 13. Qd2 Rc8 14. Nd5 Re8 15. Rfd1 Nxd5 16. cxd5 Ne5 17. Bb5 Rf8 18. Nd4 Rxc1 19. Rxc1 Qb8 20. Bg5 f6 21. Bh6 Rc8 22. Bxg7 Rxc1+ 23. Qxc1 Kxg7 24. f4 Nf7 25. Qc3 Nd8 26. Bd7 Kh8 27. g4 Kg7 28. g5 a6 29. Kf1 b5 30. Be6 Nxe6 31. Nxe6+ Kf7 32. Qh3 Qg8 33. gxf6 exf6 34. Nd8+ Qxd8 35. Qxh7+ Kf8 36. Qxb7 Kg8 37. Qxa6 Qd7 38. Qa3 Qg4 39. Qe3 Qd1+ 40. Kf2 Qb1 41. Qe2 b4 42. b3 Kg7 43. Kg2 Kf7 44. Kh3 Qc1 45. Qf3 Kg7 46. Qf2 Qb1 47. Qa7+ Kh6 48. Qe3 Kg7 49. Qd4 Qf1+ 50. Kg3 Qe1+ 51. Kf3 Qh1+ 52. Ke3 Qg1+ 53. Kd3 Qf1+ 54. Kc2 Qe2+ 55. Qd2 Qxe4+ 56. Kb2 Kf7 57. a3 bxa3+ 58. Kxa3 Ke7 59. b4 Kd7 60. Kb3 Qb1+ 61. Kc4 Qf1+ 62. Kb3 Qb1+ 63. Ka4 Qa1+ 64. Kb5 Qf1+ 65. Kb6 Qc4 66. b5 Qc5+ 67. Ka6 Qc8+ 68. Ka5 Qc5 69. Qd3 Kc7 70. Qe4 Qa3+ 71. Qa4 Qc3+ 72. Ka6 Kb8 73. b6 Qd3+ 74. Qb5 Qa3+ 1/2-1/2

[Event "Regionalliga SW 0304"]
[Site "Bayern"]
[Date "2004.01.18"]
[Round "5.4"]
[White "Pittelkow, Erhard"]
[Black "Frey, Bernd Juergen"]
[Result "0-1"]
[WhiteElo "2072"]
[BlackElo "2042"]
[PlyCount "52"]
[EventDate "2003.10.??"]
[EventType "team"]
[EventRounds "9"]
[EventCountry "GER"]
[SourceTitle "EXT 2006"]
[Source "ChessBase"]
[SourceDate "2005.11.24"]
[SourceVersion "1"]
[SourceVersionDate "2005.11.24"]
[SourceQuality "1"]
[WhiteTeam "Muenchen RTA"]
[BlackTeam "Muenchen Sendling"]
[WhiteTeamCountry "GER"]
[BlackTeamCountry "GER"]

1. e4 c5 2. Nf3 e6 3. g3 Nc6 4. Bg2 d6 5. 0-0 Nf6 6. Re1 Be7 7. c3 0-0 8. d4 cxd4 9. cxd4 e5 10. h3 b5 11. d5 Na5 12. b4 Nc4 13. Na3 Nxa3 14. Bxa3 a5 15. Qd3 Bd7 16. Rab1 Ne8 17. Rb2 g6 18. bxa5 Rxa5 19. Bb4 Ra8 20. Kh2 f5 21. Nd2 Nf6 22. f3 Nh5 23. Rc1 Qb6 24. Nf1 Bg5 25. Bd2 Bxd2 26. Nxd2 Qf2 0-1

[Event "Regionalliga SW 0304"]
[Site "Bayern"]
[Date "2003.12.14"]
[Round "4.3"]
[White "Pittelkow, Erhard"]
[Black "Steffen, Kevin"]
[Result "1-0"]
[WhiteElo "2072"]
[BlackElo "1998"]
[PlyCount "127"]
[EventDate "2003.10.??"]
[EventType "team"]
[EventRounds "9"]
[EventCountry "GER"]
[SourceTitle "EXT 2006"]
[Source "ChessBase"]
[SourceDate "2005.11.24"]
[SourceVersion "1"]
[SourceVersionDate "2005.11.24"]
[SourceQuality "1"]
[WhiteTeam "Muenchen RTA"]
[BlackTeam "Klosterlechfeld"]
[WhiteTeamCountry "GER"]
[BlackTeamCountry "GER"]

1. f4 g6 2. e4 Bg7 3. d4 c5 4. c3 cxd4 5. cxd4 d5 6. e5 Nh6 7. Nf3 Nc6 8. Bb5 0-0 9. Bxc6 bxc6 10. 0-0 Ba6 11. Re1 Rc8 12. b4 Qb6 13. a3 Bb5 14. Bd2 Nf5 15. Bc3 e6 16. Nbd2 Rfd8 17. Nb3 Ba4 18. Rb1 Bf8 19. g4 Ne7 20. Nfd2 a5 21. bxa5 Qa7 22. Qf3 Bxb3 23. Nxb3 c5 24. Nxc5 Rxc5 25. dxc5 Qxc5+ 26. Kh1 Qxa3 27. Ra1 Qb3 28. Reb1 Qc2 29. Rb2 Qe4 30. Qxe4 dxe4 31. a6 Nc6 32. Rb6 Na7 33. Bb4 e3 34. Bxf8 Kxf8 35. Kg1 Rd4 36. Rb8+ Kg7 37. Rb7 Nc8 38. a7 e2 39. Re1 Ra4 40. Rxe2 Rxa7 41. Rxa7 Nxa7 42. Rc2 Nb5 43. Rc4 h5 44. h3 hxg4 45. hxg4 Kf8 46. Kf2 Ke7 47. Kg3 Kd7 48. Kh4 Nc7 49. Kg5 Nd5 50. Ra4 Ke7 51. Rd4 Ne3 52. Rd3 Nc4 53. Rc3 Nb6 54. Rc7+ Kf8 55. Kh6 Nd5 56. Rc4 Ne3 57. Rc8+ Ke7 58. Kg7 Nxg4 59. Rc7+ Ke8 60. Rxf7 g5 61. fxg5 Nxe5 62. Rf1 Nd7 63. g6 e5 64. Kh8 1-0

[Event "Regionalliga SW 9596"]
[Site "Bayern"]
[Date "1996.??.??"]
[Round "?"]
[White "Andreadakis, Georgios"]
[Black "Pittelkow, Erhard"]
[Result "1-0"]
[WhiteElo "1955"]
[BlackElo "1955"]
[PlyCount "125"]
[EventDate "1995.10.??"]
[EventType "team-tourn"]
[EventRounds "9"]
[EventCountry "GER"]
[SourceTitle "EXT 1999"]
[Source "ChessBase"]
[SourceDate "1998.11.16"]
[SourceVersion "1"]
[SourceVersionDate "1998.11.16"]
[SourceQuality "1"]
[WhiteTeam "Augsburg SG 1873"]
[BlackTeam "Muenchen RT"]
[WhiteTeamCountry "GER"]
[BlackTeamCountry "GER"]

1. d4 Nf6 2. Nf3 g6 3. Bf4 Bg7 4. e3 d6 5. Be2 c5 6. 0-0 Nbd7 7. c4 h6 8. h3 0-0 9. Nc3 a6 10. Rb1 Qa5 11. Qa4 Qxa4 12. Nxa4 cxd4 13. exd4 Re8 14. Be3 Rb8 15. Nc3 Nf8 16. Rfd1 Bd7 17. a4 e5 18. dxe5 dxe5 19. a5 Bf5 20. Rbc1 N8d7 21. b4 Bf8 22. c5 Rbc8 23. Nd2 Nb8 24. Nc4 Kg7 25. Bf3 e4 26. Be2 Kh7 27. Bd4 Nfd7 28. Nd5 Be6 29. Ncb6 Bxd5 30. Nxd5 Nc6 31. Be3 Bg7 32. Rb1 Nf6 33. Bc4 Nxd5 34. Bxd5 Re7 35. Bf4 Bc3 36. Bd6 Rd7 37. Bxe4 Re8 38. Bf3 Nd4 39. Rd3 Nxf3+ 40. Rxf3 Re1+ 41. Rxe1 Bxe1 42. Rf4 f5 43. Rc4 Rd8 44. c6 bxc6 45. Rxc6 Ra8 46. Kf1 Bd2 47. h4 h5 48. Ke2 Bh6 49. Kd3 Bg7 50. Kc4 Bf6 51. g3 Bd8 52. Kd5 Kg7 53. Ke6 g5 54. hxg5 Bxg5 55. Kxf5 Bd2 56. Bc5 Rb8 57. Rb6 Ra8 58. Ke5 Be1 59. Kd5 Re8 60. Re6 Rd8+ 61. Kc6 Rd1 62. Kb6 Rb1 63. Re4 1-0

[Event "Regionalliga SW 9596"]
[Site "Bayern"]
[Date "1996.??.??"]
[Round "?"]
[White "Pleyer, Felix"]
[Black "Pittelkow, Erhard"]
[Result "1-0"]
[WhiteElo "1975"]
[BlackElo "1955"]
[PlyCount "49"]
[EventDate "1995.10.??"]
[EventType "team-tourn"]
[EventRounds "9"]
[EventCountry "GER"]
[SourceTitle "EXT 1999"]
[Source "ChessBase"]
[SourceDate "1998.11.16"]
[SourceVersion "1"]
[SourceVersionDate "1998.11.16"]
[SourceQuality "1"]
[WhiteTeam "Sonthofen"]
[BlackTeam "Muenchen RT"]
[WhiteTeamCountry "GER"]
[BlackTeamCountry "GER"]

1. e4 c5 2. Nf3 d6 3. d4 cxd4 4. c3 dxc3 5. Nxc3 Nc6 6. Bc4 e6 7. 0-0 Nf6 8. Qe2 a6 9. Rd1 Qc7 10. Bg5 Be7 11. Rac1 0-0 12. a4 Bd7 13. Ba2 Rfe8 14. b4 Nxb4 15. Nd5 Qa5 16. Nxe7+ Rxe7 17. Rxd6 h6 18. Bxf6 gxf6 19. Qd2 Kg7 20. Rc4 Rc8 21. Rxb4 Bxa4 22. e5 f5 23. Rg4+ fxg4 24. Qxa5 gxf3 25. Qxa4 1-0

[Event "Regionalliga SW 9495"]
[Site "Bayern"]
[Date "1995.??.??"]
[Round "?.4"]
[White "Pittelkow, Erhard"]
[Black "Marschner, Guenter"]
[Result "1/2-1/2"]
[WhiteElo "2005"]
[BlackElo "1930"]
[PlyCount "68"]
[EventDate "1994.10.??"]
[EventType "team-tourn"]
[EventRounds "9"]
[EventCountry "GER"]
[SourceTitle "EXT 1999"]
[Source "ChessBase"]
[SourceDate "1998.11.16"]
[SourceVersion "1"]
[SourceVersionDate "1998.11.16"]
[SourceQuality "1"]
[WhiteTeam "Muenchen RT"]
[BlackTeam "Sonthofen"]
[WhiteTeamCountry "GER"]
[BlackTeamCountry "GER"]

1. d4 e6 2. c4 Nf6 3. g3 Bb4+ 4. Bd2 Bxd2+ 5. Nxd2 d6 6. Ngf3 b6 7. Bg2 Bb7 8. 0-0 0-0 9. b4 Nc6 10. a3 Ne7 11. Qc2 Ng6 12. e4 e5 13. d5 Bc8 14. Rac1 Ne8 15. Ne1 f5 16. f3 Qg5 17. Nd3 h5 18. exf5 Bxf5 19. Ne4 Bxe4 20. fxe4 Nf6 21. Qe2 h4 22. Rf5 Qh6 23. g4 Ne7 24. g5 Qh5 25. Bf3 Qg6 26. Bg4 Nxf5 27. Bxf5 Qxg5+ 28. Kh1 Qh5 29. Qg2 Qh6 30. Rg1 Kh8 31. Nf2 Rae8 32. Nh3 Re7 33. Qe2 Qh5 34. Qe3 Qh6 1/2-1/2

[Event "Regionalliga SW 9596"]
[Site "Bayern"]
[Date "1995.??.??"]
[Round "?"]
[White "Pittelkow, Erhard"]
[Black "Tudosa, Daniel"]
[Result "1-0"]
[WhiteElo "1955"]
[BlackElo "1755"]
[PlyCount "93"]
[EventDate "1995.10.??"]
[EventType "team-tourn"]
[EventRounds "9"]
[EventCountry "GER"]
[SourceTitle "EXT 1999"]
[Source "ChessBase"]
[SourceDate "1998.11.16"]
[SourceVersion "1"]
[SourceVersionDate "1998.11.16"]
[SourceQuality "1"]
[WhiteTeam "Muenchen RT"]
[BlackTeam "Tuerkheim"]
[WhiteTeamCountry "GER"]
[BlackTeamCountry "GER"]

1. d4 Nf6 2. c4 g6 3. Nc3 Bg7 4. g3 0-0 5. Bg2 d6 6. Nf3 c6 7. 0-0 Nbd7 8. b3 Qc7 9. Bb2 Re8 10. Rc1 a6 11. e3 Rb8 12. Qe2 Qa5 13. a3 Nf8 14. Nd2 Bg4 15. f3 Bd7 16. b4 Qh5 17. Nde4 Nxe4 18. Nxe4 f5 19. Nc3 e5 20. d5 e4 21. Qd2 exf3 22. Bxf3 Qg5 23. Rce1 c5 24. Nd1 Bxb2 25. Nxb2 b6 26. Nd3 Rbc8 27. bxc5 bxc5 28. Nf4 Rb8 29. Rb1 Qe7 30. Kf2 Qe5 31. Nd3 Qe7 32. Rfe1 Ba4 33. Qa2 Qf6 34. Rec1 g5 35. Qd2 Ng6 36. Bh5 Rxb1 37. Rxb1 f4 38. gxf4 gxf4 39. Nxf4 Qh4+ 40. Kf1 Nxf4 41. Bxe8 Qh3+ 42. Kg1 Qg4+ 43. Kf1 Qf3+ 44. Qf2 Qh1+ 45. Qg1+ Qxg1+ 46. Kxg1 Bc2 47. Rb8 1-0

[Event "Regionalliga SW 9495"]
[Site "Bayern"]
[Date "1994.??.??"]
[Round "?.4"]
[White "Pittelkow, Erhard"]
[Black "Eichler, Christoph"]
[Result "1/2-1/2"]
[WhiteElo "2005"]
[BlackElo "1945"]
[PlyCount "66"]
[EventDate "1994.10.??"]
[EventType "team-tourn"]
[EventRounds "9"]
[EventCountry "GER"]
[SourceTitle "EXT 1999"]
[Source "ChessBase"]
[SourceDate "1998.11.16"]
[SourceVersion "1"]
[SourceVersionDate "1998.11.16"]
[SourceQuality "1"]
[WhiteTeam "Muenchen RT"]
[BlackTeam "Muenchen 36 II"]
[WhiteTeamCountry "GER"]
[BlackTeamCountry "GER"]

1. e4 c5 2. Ne2 Nc6 3. d4 cxd4 4. Nxd4 g6 5. Be3 Nf6 6. Nc3 Bg7 7. Bc4 0-0 8. Bb3 a5 9. f3 d5 10. Nxd5 Nxd5 11. exd5 Nb4 12. c4 a4 13. Bc2 Nxc2+ 14. Qxc2 e6 15. 0-0 exd5 16. c5 Re8 17. Qd2 Bd7 18. Rac1 Qf6 19. Bf2 Re7 20. Rfe1 Rae8 21. b4 axb3 22. Nxb3 Rxe1+ 23. Rxe1 Rxe1+ 24. Bxe1 Bc6 25. Bf2 Qb2 26. Qxb2 Bxb2 27. Bd4 Ba3 28. Kf2 Kf8 29. Ke3 Bb4 30. Be5 Ke7 31. Kd4 Ke6 32. Bc7 Be1 33. Bg3 Bb4 1/2-1/2

[Event "Regionalliga SW 9495"]
[Site "Bayern"]
[Date "1994.??.??"]
[Round "?.4"]
[White "Wiest, Leonhard"]
[Black "Pittelkow, Erhard"]
[Result "1-0"]
[WhiteElo "1975"]
[BlackElo "2005"]
[PlyCount "117"]
[EventDate "1994.10.??"]
[EventType "team-tourn"]
[EventRounds "9"]
[EventCountry "GER"]
[SourceTitle "EXT 1999"]
[Source "ChessBase"]
[SourceDate "1998.11.16"]
[SourceVersion "1"]
[SourceVersionDate "1998.11.16"]
[SourceQuality "1"]
[WhiteTeam "Lauingen"]
[BlackTeam "Muenchen RT"]
[WhiteTeamCountry "GER"]
[BlackTeamCountry "GER"]

1. f4 d5 2. Nf3 Nf6 3. b3 g6 4. Bb2 Bg7 5. e3 Bg4 6. Be2 0-0 7. 0-0 c5 8. Nh4 Bxe2 9. Qxe2 e6 10. d3 Nc6 11. Nd2 d4 12. e4 Nxe4 13. Nxe4 Qxh4 14. Ng5 Bf6 15. g3 Qh6 16. Bc1 Qg7 17. Bd2 Rac8 18. Ne4 Be7 19. g4 f5 20. Ng3 Nd8 21. Rae1 Bh4 22. Qf3 Bxg3 23. hxg3 fxg4 24. Qxg4 h5 25. Qh3 Rf5 26. Re2 Kf7 27. Rfe1 Qf6 28. Rh2 Nc6 29. Rhe2 Re8 30. Qg2 Kg7 31. Re4 Re7 32. Qe2 Kf7 33. a3 e5 34. fxe5 Rexe5 35. Bf4 Re7 36. b4 cxb4 37. axb4 b5 38. Qf3 Rfe5 39. Rxe5 Rxe5 40. Rxe5 Nxe5 41. Qd5+ Qe6 42. Qxe5 Qg4 43. Qd5+ Ke8 44. Qa8+ Kf7 45. Qxa7+ Kg8 46. Qb8+ Kf7 47. Qc7+ Ke8 48. Qe5+ Kf7 49. Qd5+ Ke8 50. Qxb5+ Kf7 51. Qd5+ Ke8 52. Qe4+ Kf7 53. Qd5+ Ke8 54. Qe5+ Kf7 55. Qe1 h4 56. Bd6 g5 57. Qe7+ Kg8 58. Qf8+ Kh7 59. Qf7+ 1-0